000 00428nam a2200169Ia 4500
008 230524s9999 xx 000 0 und d
020 _a8178089726
082 _a621.3104
_bWIL
100 _aTheodore Wildi
245 0 _a"Electrical Machines, Drives and Power Systems"
250 _a5TH
260 _aNEW DELHI
_bPearson
_c2004
300 _aXIX;879
500 _aQuantity Number: 52
650 _aElectrical
942 _cBK
999 _c28459
_d28459